[Event "AUT-chT U18 rapid"]
[Site "Vienna"]
[Date "2023.10.29"]
[Round "5.3"]
[White "Gillhofer, Michael"]
[Black "Balint, Peter1"]
[Result "1-0"]
[WhiteElo "1622"]
[BlackElo "2206"]
[PlyCount "110"]
[EventDate "2023.10.29"]
[EventType "team-swiss"]
[EventRounds "7"]
[EventCountry "AUT"]
[SourceTitle "Mega2024 Update 01"]
[Source "Chessbase"]
[SourceDate "2023.11.12"]
[SourceVersion "1"]
[SourceVersionDate "2023.11.12"]
[SourceQuality "1"]
[WhiteTeam "Oberoesterreich U18"]
[BlackTeam "Vienna U18"]
[WhiteTeamCountry "AUT"]
[BlackTeamCountry "AUT"]

1. d4 Nf6 2. Nf3 g6 3. g3 Bg7 4. Bg2 0-0 5. c4 c6 6. 0-0 d5 7. Qc2 Ne4 8. Nc3 Nxc3 9. Qxc3 dxc4 10. Qxc4 Nd7 11. Qd3 Qb6 12. Bd2 Nf6 13. Bc3 Bf5 14. Qd1 Ne4 15. e3 Nxc3 16. bxc3 Rad8 17. Nh4 Be6 18. Qe2 Qa5 19. Rfc1 Qa4 20. Nf3 Bc4 21. Qb2 Rd7 22. Qb4 Qxb4 23. cxb4 Bd5 24. a3 Rfd8 25. Rc5 f6 26. Rac1 Kf7 27. h4 h6 28. R5c2 g5 29. hxg5 hxg5 30. Ne1 Bxg2 31. Kxg2 g4 32. Nd3 e6 33. Kf1 Re7 34. Ke2 f5 35. Nf4 Bh8 36. Rh1 Kg8 37. Rxh8+ Kxh8 38. Ng6+ Kg7 39. Nxe7 Kf6 40. Nxc6 Rc8 41. b5 bxc6 42. Rxc6 Rb8 43. a4 Ke7 44. Rc7+ Kd6 45. Rxa7 e5 46. dxe5+ Kxe5 47. Rd7 Ra8 48. Rd4 Rc8 49. Kd2 Rh8 50. b6 Ra8 51. b7 Rb8 52. Rb4 Kd5 53. a5 Kc5 54. Rb2 Kc6 55. a6 Kd5 1-0